| 000 | 00456nam a2200181Ia 4500 | ||
|---|---|---|---|
| 005 | 20250423100719.0 | ||
| 008 | 250422s9999 xx 000 0 und d | ||
| 020 | _a9780750636322 | ||
| 050 | _aHT 166 .P81/ | ||
| 100 | _aEdited by Carmona Matthew | ||
| 245 | 0 | _aPublic places, urban spaces | |
| 260 | _aOxford | ||
| 260 | _bArchitectural Press | ||
| 260 | _c2003 | ||
| 300 | _a12 p | ||
| 650 | _aCity planning. Architectural design. | ||
| 942 | _cBK | ||
| 999 |
_c34138 _d34138 |
||